000 00726cam a2200241 p 4500
001 3691035
005 20180104043139.0
008 780626s1977 rm a 000 0 eng
010 _a 78355040
015 _aR77-3783
020 _cLei100
040 _aDLC
_cDLC
_dDLC
041 1 _aengrum
043 _ae-rm---
080 _a708.94982 DRA
082 0 0 _a708.94982 DRA
100 _a44
101 _aART
240 0 0 _aBucurești, muzee de artă. English
245 0 0 _aBucharest, museums of art :
_ccollaborators, Cristian Benedict ... et al. ; introd., Vasile Drăgut ; translated into English by Caterina Augusta Grundbock].
906 _a7
_bcbc
_corignew
_d4
_encip
_f19
_gy-gencatlg
942 _2ddc
_cBK
999 _c39681
_d39681